header

Third Secret (Record no. 253975)

MARC details
000 -LEADER
fixed length control field 00402nam a22001697a 4500
003 - CONTROL NUMBER IDENTIFIER
control field OSt
005 - DATE AND TIME OF LATEST TRANSACTION
control field 20230327122937.0
008 - FIXED-LENGTH DATA ELEMENTS--GENERAL INFORMATION
fixed length control field 160524b xxu||||| |||| 00| 0 eng d
010 ## - LIBRARY OF CONGRESS CONTROL NUMBER
LC control number 2005045759
020 ## - INTERNATIONAL STANDARD BOOK NUMBER
International Standard Book Number 0345476131
040 ## - CATALOGING SOURCE
Transcribing agency N/A
050 ## - LIBRARY OF CONGRESS CALL NUMBER
Classification number PS3602
Item number .E764 T47 2005
100 ## - MAIN ENTRY--PERSONAL NAME
Personal name Berry Steve
245 ## - TITLE STATEMENT
Title Third Secret
Remainder of title A Novel
260 ## - PUBLICATION, DISTRIBUTION, ETC. (IMPRINT)
Place of publication, distribution, etc USA
Name of publisher, distributor, etc Ballantine Books
Date of publication, distribution, etc 2005
942 ## - ADDED ENTRY ELEMENTS (KOHA)
Source of classification or shelving scheme Library of Congress Classification
Koha item type Long Loan Books
Holdings
Withdrawn status Lost status Source of classification or shelving scheme Damaged status Not for loan Collection code Home library Current library Shelving location Date acquired Total Checkouts Full call number Barcode Date last seen Date checked out Price effective from Koha item type
    Library of Congress Classification     Fiction Rongo University Library Rongo University Library General Stacks 24/05/2016 6 PS3602 .E764 T47 2005 20168570 31/01/2024 31/01/2024 24/05/2016 Long Loan Books

© 2026 Rongo University
Contact us: librarian | system librarian | Rongo university